| 000 | 02067nam0a2200385 4500 | ||
|---|---|---|---|
| 001 | RU\NLR\bibl\910185 | ||
| 005 | 20260407134618.0 | ||
| 010 | _a5-9234-0060-X | ||
| 010 |
_a5-9234-0013-8 _9300 _bСерия "История идей - история людей" |
||
| 021 |
_aRU _b2005-86747 _94297 |
||
| 035 | _a(NLR Aleph) 000898537 | ||
| 090 |
_a1762870 _c1762870 |
||
| 100 | _a20060226d2005 |||y0rusy50 ca | ||
| 101 | 0 | _arus | |
| 102 | _aRU | ||
| 105 | _ac ||||||||| | ||
| 200 | 1 |
_aГеннадий Бурбулис - в зеркале мнений, идей, событий _e[сборник статей и выступлений _fПроект Гуманитарного и политологического центра "Стратегия" _gсост. Б.М. Баланцев и др.] |
|
| 210 |
_aМосква _cСтратегия _d2005 |
||
| 215 |
_a905, [6] с. _cпортр. _d21 |
||
| 225 | 1 | _aСерия "История идей - история людей" | |
| 309 | _aНа обл.: LX | ||
| 320 | _aБиблиогр. в подстроч. примеч. | ||
| 327 | 1 | _aКн. содерж. ст. и выступления Г.Э. Бурбулиса, его биогр. и ст. о нем | |
| 600 | 1 |
_aБурбулис _bГ. Э. _f1945 - 2022 _gГеннадий Эдуардович _92165936 _3RU\NLR\auth\661303227 |
|
| 607 |
_aСССР _xПолитические процессы _z1980-ые гг. _92240038 _3RU\NLR\auth\661344184 |
||
| 607 |
_aРоссийская Федерация _xПолитические процессы _92073289 _3RU\NLR\auth\661248178 |
||
| 686 | _aТ3(2)74-8 | ||
| 686 | _aФ3(2)3 | ||
| 702 | 1 |
_aБаланцев _bБ. М. _4220 |
|
| 712 | 0 | 2 |
_4570 _a"Сохранение идей, история людей, история событий", проект _cРоссийская Федерация _9664507 _3RU\NLR\AUTH\8810081142 |
| 801 | 0 |
_aRU _bNLR _c20060226 _grcr |
|
| 801 | 1 |
_aRU _bNLR _c20060226 |
|
| 942 | _cBOOK | ||
| 980 | _aNB | ||